Normal view
MARC view
- Langsam,Yedidyah
Entry Personal Name
001 - CONTROL NUMBER
- control field: 1333
003 - CONTROL NUMBER IDENTIFIER
- control field: OSt
005 - DATE AND TIME OF LATEST TRANSACTION
- control field: 20160827122348.0
008 - FIXED-LENGTH DATA ELEMENTS
- fixed length control field: 160827|| aca||aabn | a|a d
040 ## - CATALOGING SOURCE
- Original cataloging agency: OSt
- Transcribing agency: OSt
100 ## - HEADING--PERSONAL NAME
- Personal name: Langsam,Yedidyah
670 ## - SOURCE DATA FOUND
- Source citation: Work cat.: (OSt): Tenenbaum,Aaron M. 1332, Data Structures Using C, 2011
